| 000 | 01538nam a2200301Ia 4500 | ||
|---|---|---|---|
| 001 | 88661 | ||
| 003 | IT-RoPAU | ||
| 008 | 130308s9999 xx 000 0 und d | ||
| 040 | _aIT-RoPAU | ||
| 040 | _cIT-RoPAU | ||
| 041 | _aFRANCESE | ||
| 100 | _aFontanille Jacques | ||
| 100 | _gCodice Aut. SPICS: 11748 | ||
| 245 | _aEspaces subjectifs (Les)-Introduction a la semiotique de l'observateur (discours-peinture-cinema) | ||
| 245 | _bEspaces subjectifs (Les)-Introduction a la Semiotique de l'observateur (Discours-Peinture-Cinema) | ||
| 250 | _a1a ed. | ||
| 260 | _aPARIS | ||
| 260 | _bHachette | ||
| 260 | _c1989 [1° Ed.:1989 - Ed.Ling.Originale:1989] | ||
| 300 | _a"200 p. (prefazione: no ; testo: 200 [pagine: 0-0])" | ||
| 500 | _aSpazi Soggettivi Introduzione Alla Semiotica dell'Osservatore Discorso Pittura Cinema Osservatore nel Discorso Verbale Osservatore nella Teoria dell'enunciazione Osservatore e Narratologia Modalizzazione Cognitiva Dello Spazio Prospettiva Osservatore e Informatore in Pittura Definizione della Prospettiva manifestazioni plastiche Dello Spazio Soggettivo Simbolizzazione e Desimbolizzazione dell'Informatore Tematizzazione dell'Osservatore Soggettività nel Cinema Enunciazione Cinematografica Modalizzazione Cognitiva Dello Spazio al Cinema Punti di Vista e Soggettività al Cinema Soggettività nel Film Morte a Venezia di Visconti 1971 Bibliografia | ||
| 650 | _aSEMIOLOGIA | ||
| 650 | _eCodice materia Spics: 3251 | ||
| 942 | _cBK | ||
| 957 | _71 | ||
| 999 |
_c66035 _d66035 |
||
| 999 | _bSI | ||
| 999 | _g1 | ||